Building Regulations and historic buildings (Record no. 105758)

MARC details
000 -LEADER
fixed length control field 01019cam a2200217 4500
001 - CONTROL NUMBER
control field ##L134649
008 - FIXED-LENGTH DATA ELEMENTS--GENERAL INFORMATION
fixed length control field 060822n2002 000 0 eng u
035 ## - SYSTEM CONTROL NUMBER
System control number (Sirsi) u134649
041 0# - LANGUAGE CODE
Language code of text/sound track or separate title eng
050 04 - LIBRARY OF CONGRESS CALL NUMBER
Classification number 692.2 $2 18
110 2# - MAIN ENTRY--CORPORATE NAME
Corporate name or jurisdiction name as entry element English Heritage
9 (RLIN) 2714
245 00 - TITLE STATEMENT
Title Building Regulations and historic buildings
Remainder of title balancing the needs for energy conservation with those of building conservation
260 ## - PUBLICATION, DISTRIBUTION, ETC.
Place of publication, distribution, etc. London
Name of publisher, distributor, etc. English Heritage
Date of publication, distribution, etc. 2002
300 ## - PHYSICAL DESCRIPTION
Extent 23p.
Other physical details ill.
Dimensions 30cm.
520 ## - SUMMARY, ETC.
Summary, etc. An interim guidance note on the application of Building Regulations 2000 Approved Document Part L1 (2002 edition) relating to energy conservation. Includes a general discussion of the revisions to Part L in relation to historic buildings as well as information on adaptations that can be made to increase energy efficiency.
590 ## - LOCAL NOTE (RLIN)
Local note IKA220806
650 24 - SUBJECT ADDED ENTRY--TOPICAL TERM
Topical term or geographic name entry element BUILDING REGULATIONS 2000 APPROVED DOCUMENT L1 (2002 EDITION)
651 #4 - SUBJECT ADDED ENTRY--GEOGRAPHIC NAME
Geographic name England and Wales
Chronological subdivision 1543-
690 ## - LOCAL SUBJECT ADDED ENTRY--TOPICAL TERM (OCLC, RLIN)
Topical term or geographic name as entry element Building regulations
9 (RLIN) 6224
942 ## - ADDED ENTRY ELEMENTS (KOHA)
Suppress in OPAC 0
Holdings
Withdrawn status Lost status Source of classification or shelving scheme Damaged status Not for loan Home library Current library Shelving location Date acquired Total Checkouts Full call number Barcode Date last seen Date last checked out Copy number Price effective from Koha item type
    Dewey Decimal Classification     London London Folio 22/08/2006 4 F692.2 ENG 30072460 06/08/2019 25/03/2009 1 06/08/2019 Book